<?xml version="1.0" encoding="UTF-8"?>
<collection xmlns="http://www.loc.gov/MARC21/slim">
 <record>
  <leader>00807nam a2200253   4500</leader>
  <controlfield tag="001">000004458</controlfield>
  <controlfield tag="003">597</controlfield>
  <controlfield tag="005">20150812140858.0</controlfield>
  <controlfield tag="008">110720s                               sd</controlfield>
  <datafield tag="041" ind1="0" ind2=" ">
   <subfield code="a">3.000đ</subfield>
  </datafield>
  <datafield tag="082" ind1="1" ind2=" ">
   <subfield code="a">843</subfield>
   <subfield code="b">HUY</subfield>
  </datafield>
  <datafield tag="100" ind1="0" ind2=" ">
   <subfield code="a">Vichto Huygô</subfield>
  </datafield>
  <datafield tag="245" ind1="0" ind2="0">
   <subfield code="a">Những người khốn khổ</subfield>
   <subfield code="c">Vichto Huygô</subfield>
  </datafield>
  <datafield tag="774" ind1=" " ind2=" ">
   <subfield code="a">Vichto Huygô</subfield>
   <subfield code="b">In lần thứ 5</subfield>
   <subfield code="d">H.</subfield>
   <subfield code="d">Văn học</subfield>
   <subfield code="d">1987</subfield>
   <subfield code="g">Tập 2</subfield>
   <subfield code="h">507 tr</subfield>
   <subfield code="w">601</subfield>
  </datafield>
  <datafield tag="774" ind1=" " ind2=" ">
   <subfield code="a">Vichto Huygô</subfield>
   <subfield code="b">In lần thứ 5</subfield>
   <subfield code="d">H.</subfield>
   <subfield code="d">Văn học</subfield>
   <subfield code="d">1987</subfield>
   <subfield code="g">Tập 3</subfield>
   <subfield code="h">531 tr</subfield>
   <subfield code="w">602</subfield>
  </datafield>
  <datafield tag="774" ind1=" " ind2=" ">
   <subfield code="a">Vichto Huygô</subfield>
   <subfield code="b">In lần thứ 5</subfield>
   <subfield code="d">H.</subfield>
   <subfield code="d">Văn học</subfield>
   <subfield code="d">1987</subfield>
   <subfield code="g">Tập 4</subfield>
   <subfield code="h">547 tr</subfield>
   <subfield code="w">603</subfield>
  </datafield>
  <datafield tag="OWN" ind1=" " ind2=" ">
   <subfield code="a">LSP</subfield>
  </datafield>
  <datafield tag="999" ind1=" " ind2=" ">
   <subfield code="a">From the UDN01</subfield>
  </datafield>
  <datafield tag="TYP" ind1=" " ind2=" ">
   <subfield code="a">Monograph</subfield>
  </datafield>
  <datafield tag="TYP" ind1=" " ind2=" ">
   <subfield code="a">Printed language</subfield>
  </datafield>
  <datafield tag="980" ind1=" " ind2=" ">
   <subfield code="a">Mạng thư viện Đại học Đà Nẵng</subfield>
  </datafield>
 </record>
</collection>
